[Event "Los Angeles IM Norm"]
[Site "Monrovia"]
[Date "2023.04.05"]
[Round "9"]
[White "Krishnan, Varun"]
[Black "Jukic, Branimir"]
[Result "1/2-1/2"]
[WhiteElo "2341"]
[BlackElo "2371"]
[PlyCount "73"]
[EventDate "2023.04.01"]
[EventType "schev"]
[EventRounds "10"]
[EventCountry "USA"]
[SourceTitle "CBM 213 Extra"]
[Source "ChessBase"]
[SourceDate "2023.05.31"]
[SourceVersion "1"]
[SourceVersionDate "2023.05.31"]
[SourceQuality "1"]
[WhiteTeam "United States"]
[BlackTeam "Rest of the World"]
[WhiteTeamCountry "USA"]

1. e4 c5 2. Nf3 Nc6 3. d4 cxd4 4. Nxd4 Nf6 5. Nc3 e5 6. Ndb5 d6 7. Bg5 a6 8. Na3 b5 9. Bxf6 gxf6 10. Nd5 f5 11. c3 Bg7 12. Bd3 Ne7 13. Nxe7 Qxe7 14. Nc2 0-0 15. Qh5 d5 16. exd5 e4 17. Be2 f4 18. 0-0-0 Qd6 19. f3 f5 20. g3 Bd7 21. Kb1 a5 22. Nd4 b4 23. c4 Qb6 24. Qg5 Rae8 25. gxf4 Kh8 26. Ne6 Bxe6 27. dxe6 exf3 28. Bxf3 Rxe6 29. Rd7 Rg6 30. Qe7 Rg1+ 31. Rxg1 Qxg1+ 32. Bd1 Rg8 33. Rd8 Bd4 34. Rxg8+ Kxg8 35. Qe6+ Kg7 36. Qe7+ Kg6 37. Qe6+ 1/2-1/2

[Event "Los Angeles IM Norm"]
[Site "Monrovia"]
[Date "2023.04.01"]
[Round "2"]
[White "Jukic, Branimir"]
[Black "Wu, Derek"]
[Result "0-1"]
[WhiteElo "2371"]
[BlackElo "2209"]
[PlyCount "90"]
[EventDate "2023.04.01"]
[EventType "schev"]
[EventRounds "10"]
[EventCountry "USA"]
[SourceTitle "CBM 213 Extra"]
[Source "ChessBase"]
[SourceDate "2023.05.31"]
[SourceVersion "1"]
[SourceVersionDate "2023.05.31"]
[SourceQuality "1"]
[WhiteTeam "Rest of the World"]
[BlackTeam "United States"]
[BlackTeamCountry "USA"]

1. e4 c5 2. Nf3 d6 3. d4 cxd4 4. Nxd4 Nf6 5. Nc3 a6 6. Bg5 Nbd7 7. Qe2 h6 8. Bxf6 Nxf6 9. 0-0-0 e5 10. Nf5 g6 11. Ne3 h5 12. Nc4 Qc7 13. Qd3 Be6 14. Nxd6+ Ke7 15. Nc4 Bh6+ 16. Ne3 Rhd8 17. Qe2 Qc5 18. Rxd8 Rxd8 19. h3 Qd4 20. Qe1 Nxe4 21. Nxe4 Qxe4 22. a3 Kf6 23. Rg1 Kg7 24. Bd3 Qd4 25. g4 hxg4 26. hxg4 Bg5 27. Rg3 e4 28. Be2 Rh8 29. c3 Qb6 30. Kb1 Bf4 31. Rg2 Bxe3 32. fxe3 Qxe3 33. g5 Bf5 34. Rg3 Rh1 35. Rxe3 Rxe1+ 36. Kc2 Bg4 37. Kd2 Rxe2+ 38. Rxe2 Bxe2 39. Kxe2 f6 40. gxf6+ Kxf6 41. Ke3 Ke5 42. c4 g5 43. c5 g4 44. b4 g3 45. a4 Kd5 0-1

[Event "CRO-chT"]
[Site "Bol"]
[Date "2014.05.15"]
[Round "2.7"]
[White "Jukic, Branimir"]
[Black "Blazeka, Matej"]
[Result "1-0"]
[WhiteElo "2383"]
[BlackElo "2318"]
[PlyCount "63"]
[EventDate "2014.05.14"]
[EventType "team-swiss"]
[EventRounds "6"]
[EventCountry "CRO"]
[SourceTitle "CBM 160 Extra"]
[Source "ChessBase"]
[SourceDate "2014.07.01"]
[SourceVersion "1"]
[SourceVersionDate "2014.07.01"]
[SourceQuality "1"]
[WhiteTeam "Osijek"]
[BlackTeam "Busevec Polet"]
[WhiteTeamCountry "CRO"]
[BlackTeamCountry "CRO"]

1. e4 e5 2. Nf3 Nc6 3. Bb5 a6 4. Ba4 Nge7 5. Nc3 d6 6. 0-0 Bd7 7. Re1 b5 8. Bb3 Na5 9. d4 Nxb3 10. axb3 Ng6 11. Be3 c6 12. b4 f6 13. d5 Ne7 14. Ra3 c5 15. Na2 c4 16. Nc3 f5 17. exf5 Nxf5 18. Bg5 Be7 19. Bxe7 Qxe7 20. Qa1 0-0 21. Rxa6 Rxa6 22. Qxa6 Qf7 23. Ng5 Qg6 24. Nce4 h6 25. Nf3 Qf7 26. Rd1 Qg6 27. Re1 Qf7 28. Qb7 g5 29. c3 g4 30. Nfd2 Nh4 31. Qa7 Rd8 32. Qc7 1-0

[Event "CRO-chT"]
[Site "Bol"]
[Date "2014.05.15"]
[Round "3.6"]
[White "Plenkovic, Zdenko"]
[Black "Jukic, Branimir"]
[Result "1-0"]
[WhiteElo "2400"]
[BlackElo "2383"]
[PlyCount "55"]
[EventDate "2014.05.14"]
[EventType "team-swiss"]
[EventRounds "6"]
[EventCountry "CRO"]
[SourceTitle "CBM 160 Extra"]
[Source "ChessBase"]
[SourceDate "2014.07.01"]
[SourceVersion "1"]
[SourceVersionDate "2014.07.01"]
[SourceQuality "1"]
[WhiteTeam "Kastel Stari"]
[BlackTeam "Osijek"]
[WhiteTeamCountry "CRO"]
[BlackTeamCountry "CRO"]

1. e4 c5 2. Nf3 Nc6 3. Bb5 Na5 4. 0-0 a6 5. Be2 b5 6. d3 Nf6 7. e5 Nd5 8. c4 Nb6 9. Nc3 b4 10. Ne4 Qc7 11. Bf4 Bb7 12. Nfg5 e6 13. Bh5 Bxe4 14. Bxf7+ Ke7 15. dxe4 g6 16. Qg4 Bg7 17. Qh4 Kf8 18. Bg3 h6 19. Bxg6 hxg5 20. Qxg5 Kg8 21. f4 Qd8 22. Qg4 Naxc4 23. Rae1 Rh6 24. b3 Nb2 25. f5 Nd3 26. f6 Bf8 27. Be8+ Kh7 28. Bf7 1-0

[Event "CRO-chT"]
[Site "Rabac"]
[Date "2003.09.13"]
[Round "7"]
[White "Jukic, Branimir"]
[Black "Kutuzovic, Branko"]
[Result "1-0"]
[WhiteElo "2380"]
[BlackElo "2396"]
[PlyCount "73"]
[EventDate "2003.09.07"]
[EventType "team"]
[EventRounds "9"]
[EventCountry "CRO"]
[SourceTitle "CBM 096 Extra"]
[Source "ChessBase"]
[SourceDate "2003.10.22"]
[SourceVersion "2"]
[SourceVersionDate "2003.10.20"]
[SourceQuality "1"]

1. e4 c5 2. Nf3 e6 3. d3 Nc6 4. g3 Nf6 5. Bg2 d6 6. 0-0 Be7 7. Re1 0-0 8. c3 Bd7 9. a3 Qc7 10. b4 Ne5 11. Bb2 Rfd8 12. c4 a6 13. Kh1 Nfg4 14. Rf1 Nxf3 15. Bxf3 Ne5 16. Bg2 b5 17. f4 Nc6 18. f5 Ne5 19. Qh5 f6 20. Nc3 bxc4 21. dxc4 cxb4 22. axb4 Qxc4 23. fxe6 Bxe6 24. Nd5 Bxd5 25. exd5 g6 26. Qh3 f5 27. Bxe5 dxe5 28. d6 Bxd6 29. Bxa8 Rxa8 30. Qg2 Rb8 31. Rfc1 Qe4 32. Qxe4 fxe4 33. Rxa6 Bxb4 34. Rb1 e3 35. Ra2 Bd6 36. Rxb8+ Bxb8 37. Ra8 1-0

[Event "CRO-chT"]
[Site "Medulin"]
[Date "2002.09.10"]
[Round "2"]
[White "Kurajica, Bojan"]
[Black "Jukic, Branimir"]
[Result "1-0"]
[WhiteElo "2555"]
[BlackElo "2393"]
[PlyCount "63"]
[EventDate "2002.09.09"]
[EventType "team"]
[EventRounds "9"]
[EventCountry "CRO"]
[SourceTitle "CBM 090 Extra"]
[Source "ChessBase"]
[SourceDate "2002.11.07"]
[SourceVersion "1"]
[SourceVersionDate "2002.11.07"]
[SourceQuality "1"]

1. c4 e5 2. g3 Nf6 3. Bg2 c6 4. d4 exd4 5. Qxd4 d5 6. cxd5 cxd5 7. Nh3 Nc6 8. Qa4 Bd7 9. 0-0 Nb4 10. Qb3 Qc8 11. Bd2 Bxh3 12. Bxb4 Bxb4 13. Qxb4 Bxg2 14. Kxg2 a5 15. Qb5+ Qc6 16. Nc3 a4 17. Rfd1 0-0 18. a3 Ra6 19. Rac1 Rfa8 20. Rd4 Ra5 21. Qd3 Ne4 22. Qe3 Rc8 23. Nxd5 Qxc1 24. Ne7+ Kf8 25. Nxc8 Qxc8 26. Qxe4 Rh5 27. g4 Rh6 28. Rxa4 g5 29. Rc4 Qd7 30. Qd4 Rd6 31. Qh8+ Ke7 32. Qe5+ 1-0

[Event "CRO-chT"]
[Site "Pula"]
[Date "2001.09.15"]
[Round "6"]
[White "Jukic, Branimir"]
[Black "Rezan, Sasa"]
[Result "0-1"]
[WhiteElo "2385"]
[BlackElo "2323"]
[PlyCount "68"]
[EventDate "2001.09.10"]
[EventType "team"]
[EventRounds "9"]
[EventCountry "CRO"]
[SourceTitle "CBM 084 Extra"]
[Source "ChessBase"]
[SourceDate "2001.10.26"]
[SourceVersion "1"]
[SourceVersionDate "2001.10.26"]
[SourceQuality "1"]

1. e4 c5 2. Nf3 e6 3. d3 Nc6 4. g3 Nf6 5. Bg2 d6 6. 0-0 Be7 7. Re1 0-0 8. c3 b6 9. Nbd2 Qc7 10. Nf1 Ba6 11. b3 Nd7 12. Bb2 Nde5 13. Nxe5 dxe5 14. Qf3 Rad8 15. Rad1 Rd7 16. Ne3 Rfd8 17. Bh3 Rxd3 18. Rxd3 Rxd3 19. Bf1 Rd2 20. Bxa6 Rxb2 21. Qd1 Rxa2 22. Bb5 Na5 23. Qd3 Qd6 24. Qxd6 Bxd6 25. Rd1 Bf8 26. Be8 Be7 27. Ba4 c4 28. Rd7 Bf8 29. b4 Rxa4 30. bxa5 Rxa5 31. Nxc4 Rc5 32. Ne3 Rxc3 33. Rxa7 h5 34. Kf1 Bc5 0-1

[Event "CRO-chT"]
[Site "Pula"]
[Date "2001.09.13"]
[Round "4"]
[White "Dizdarevic, Emir"]
[Black "Jukic, Branimir"]
[Result "1-0"]
[WhiteElo "2505"]
[BlackElo "2385"]
[PlyCount "39"]
[EventDate "2001.09.10"]
[EventType "team"]
[EventRounds "9"]
[EventCountry "CRO"]
[SourceTitle "CBM 084 Extra"]
[Source "ChessBase"]
[SourceDate "2001.10.26"]
[SourceVersion "1"]
[SourceVersionDate "2001.10.26"]
[SourceQuality "1"]

1. c4 e5 2. Nc3 Nf6 3. Nf3 e4 4. Ng5 b5 5. cxb5 d5 6. d3 h6 7. Nh3 Bd6 8. dxe4 dxe4 9. Nf4 0-0 10. e3 Nbd7 11. Be2 Ne5 12. 0-0 Bb7 13. Kh1 Qe7 14. Qa4 g5 15. Nh5 Nxh5 16. Bxh5 g4 17. Nxe4 Qh4 18. Ng3 f5 19. f4 Bd5 20. Qd4 1-0

[Event "CRO-chT"]
[Site "Pula"]
[Date "2001.09.12"]
[Round "3"]
[White "Jukic, Branimir"]
[Black "Biti, Ozren"]
[Result "1-0"]
[WhiteElo "2385"]
[BlackElo "2327"]
[PlyCount "83"]
[EventDate "2001.09.10"]
[EventType "team"]
[EventRounds "9"]
[EventCountry "CRO"]
[SourceTitle "CBM 084 Extra"]
[Source "ChessBase"]
[SourceDate "2001.10.26"]
[SourceVersion "1"]
[SourceVersionDate "2001.10.26"]
[SourceQuality "1"]

1. e4 d6 2. d4 Nf6 3. Nc3 g6 4. Be3 Bg7 5. Nf3 0-0 6. Qd2 e5 7. dxe5 dxe5 8. Qxd8 Rxd8 9. Bc4 Be6 10. Bxe6 fxe6 11. Nxe5 Nxe4 12. Nxe4 Bxe5 13. Bg5 Rd4 14. f3 Nc6 15. c3 Rd5 16. 0-0 Kf7 17. Rfe1 Re8 18. Re2 b6 19. Rae1 Rd7 20. Nf2 Bg7 21. Ng4 Na5 22. Re4 Rd5 23. h4 Nb7 24. Ne3 Rd7 25. Rf4+ Kg8 26. Ng4 Rf7 27. Rc4 Rd7 28. Bf6 h5 29. Ne5 Na5 30. Ra4 Rd6 31. Bxg7 Kxg7 32. g4 Re7 33. gxh5 gxh5 34. Kf2 c5 35. Rg1+ Kh7 36. Rg5 c4 37. Rxh5+ Kg7 38. b4 Nc6 39. Nxc4 Rd3 40. b5 Na5 41. Ne5 Rxc3 42. Rg4+ 1-0

[Event "CRO-chT"]
[Site "Pula"]
[Date "2001.09.11"]
[Round "2"]
[White "Kristovic, Marijan"]
[Black "Jukic, Branimir"]
[Result "1/2-1/2"]
[WhiteElo "2305"]
[BlackElo "2385"]
[PlyCount "66"]
[EventDate "2001.09.10"]
[EventType "team"]
[EventRounds "9"]
[EventCountry "CRO"]
[SourceTitle "CBM 084 Extra"]
[Source "ChessBase"]
[SourceDate "2001.10.26"]
[SourceVersion "1"]
[SourceVersionDate "2001.10.26"]
[SourceQuality "1"]

1. e4 c5 2. Nf3 Nc6 3. d4 cxd4 4. Nxd4 Nf6 5. Nc3 e5 6. Nxc6 bxc6 7. Bd3 Be7 8. 0-0 0-0 9. Kh1 d6 10. f4 exf4 11. Bxf4 Be6 12. e5 dxe5 13. Bxe5 Ng4 14. Qe2 Bd6 15. Bf4 Qb8 16. Qe4 g6 17. Bxd6 Qxd6 18. Qf4 Qxf4 19. Rxf4 Ne5 20. Ba6 Rad8 21. Re1 f6 22. Kg1 Kg7 23. h3 h5 24. Ne4 Bf5 25. Nc5 Rfe8 26. Re2 Rd5 27. b4 Rd1+ 28. Rf1 Red8 29. Bd3 Rxf1+ 30. Kxf1 Nxd3 31. cxd3 Kh6 32. Kf2 h4 33. a3 Rd5 1/2-1/2

[Event "Bled op 22nd"]
[Site "Bled"]
[Date "2001.03.26"]
[Round "3"]
[White "Jukic, Branimir"]
[Black "Kos, Toni"]
[Result "0-1"]
[WhiteElo "2386"]
[BlackElo "2402"]
[PlyCount "130"]
[EventDate "2001.03.24"]
[EventType "swiss"]
[EventRounds "9"]
[EventCountry "SLO"]
[SourceTitle "CBM 081 Extra"]
[Source "ChessBase"]
[SourceDate "2001.05.06"]
[SourceVersion "1"]
[SourceVersionDate "2001.05.06"]
[SourceQuality "1"]

1. e4 c5 2. Nf3 d6 3. d4 cxd4 4. Nxd4 Nf6 5. Nc3 a6 6. Bg5 e6 7. f4 Be7 8. Qf3 Qc7 9. 0-0-0 Nbd7 10. g4 b5 11. Bxf6 Nxf6 12. g5 Nd7 13. f5 Nc5 14. f6 gxf6 15. gxf6 Bf8 16. Rg1 b4 17. Nd5 exd5 18. exd5 Bd7 19. Rg7 0-0-0 20. Rxf7 Bh6+ 21. Kb1 Rdf8 22. Re7 Bg5 23. Rxd7 Nxd7 24. Ne6 Qb6 25. Nxg5 Rxf6 26. Qg4 h5 27. Qh3 Kc7 28. Qh4 Kb8 29. Bh3 Ne5 30. Ne4 Rg6 31. Qe7 Rg1 32. Bf1 Nc4 33. Ng3 h4 34. Qf6 Rc8 35. Ne2 Rh1 36. Nd4 Ne3 37. Nc6+ Rxc6 38. dxc6 Nxd1 39. Qf8+ Ka7 40. Qf7+ Ka8 41. Qf8+ Qb8 42. Qf3 Nc3+ 43. Kc1 Rxf1+ 44. Qxf1 Nb5 45. Qf4 Qd8 46. a4 bxa3 47. bxa3 Qh8 48. Qf3 Qa1+ 49. Kd2 Qd4+ 50. Kc1 Kb8 51. Qf7 Qe3+ 52. Kb1 Qb6 53. Qe8+ Ka7 54. Qd7+ Nc7+ 55. Ka2 d5 56. h3 Qa5 57. Qd8 Kb6 58. Qxh4 Qc5 59. Kb3 d4 60. c4 a5 61. Qe1 Qxc6 62. Qe2 a4+ 63. Kc2 Nd5 64. Qd3 Ne3+ 65. Kb1 Qxc4 0-1

[Event "CRO-chT"]
[Site "Pula"]
[Date "2000.09.16"]
[Round "6"]
[White "Jukic, Branimir"]
[Black "Sermek, Drazen"]
[Result "1/2-1/2"]
[WhiteElo "2382"]
[BlackElo "2514"]
[PlyCount "22"]
[EventDate "2000.09.??"]
[EventType "team"]
[EventRounds "9"]
[EventCountry "CRO"]
[SourceTitle "CBM 078 Extra"]
[Source "ChessBase"]
[SourceDate "2000.11.10"]
[SourceVersion "1"]
[SourceVersionDate "2000.11.10"]
[SourceQuality "1"]

1. e4 g6 2. d4 Bg7 3. Nf3 d6 4. Nc3 a6 5. a4 Nf6 6. h3 0-0 7. Be3 Nc6 8. Qd2 e5 9. dxe5 Nxe5 10. Nxe5 dxe5 11. Qxd8 Rxd8 1/2-1/2

[Event "CRO-chT"]
[Site "Pula"]
[Date "1999.09.14"]
[Round "5"]
[White "Biliskov, Vjekoslav"]
[Black "Jukic, Branimir"]
[Result "0-1"]
[WhiteElo "2320"]
[BlackElo "2374"]
[PlyCount "62"]
[EventDate "1999.09.05"]
[EventType "team"]
[EventRounds "9"]
[EventCountry "CRO"]
[SourceTitle "EXT 2000"]
[Source "ChessBase"]
[SourceDate "1999.11.16"]
[SourceVersion "1"]
[SourceVersionDate "1999.11.16"]
[SourceQuality "1"]

1. Nf3 Nf6 2. c4 g6 3. Nc3 d5 4. Qa4+ Bd7 5. Qb3 dxc4 6. Qxc4 Bg7 7. g3 c6 8. Bg2 Be6 9. Qa4 Qc8 10. 0-0 Bh3 11. Bxh3 Qxh3 12. Ng5 Qc8 13. d4 0-0 14. Bf4 Nbd7 15. e4 Nb6 16. Qb3 h6 17. Nf3 Kh7 18. Be5 Qg4 19. Bxf6 Bxf6 20. Kg2 Rad8 21. Rad1 Bg7 22. a4 Qc8 23. a5 Nd7 24. e5 c5 25. e6 fxe6 26. d5 c4 27. Qc2 Nc5 28. Rfe1 exd5 29. Rxd5 Nd3 30. Rxe7 Rxd5 31. Nxd5 Qf5 0-1

[Event "Bled op 20th"]
[Site "Bled"]
[Date "1999.03.26"]
[Round "7"]
[White "Staudner, Oliver"]
[Black "Jukic, Branimir"]
[Result "1-0"]
[WhiteElo "2353"]
[BlackElo "2378"]
[PlyCount "63"]
[EventDate "1999.03.20"]
[EventType "swiss"]
[EventRounds "9"]
[EventCountry "SLO"]
[SourceTitle "CBM 069 Extra"]
[Source "ChessBase"]
[SourceDate "1999.05.10"]
[SourceVersion "1"]
[SourceVersionDate "1999.05.10"]
[SourceQuality "1"]

1. e4 c5 2. Nf3 Nc6 3. Bb5 g6 4. Bxc6 bxc6 5. d3 Bg7 6. 0-0 d6 7. Nc3 e5 8. Ne1 Ne7 9. f4 f6 10. fxe5 fxe5 11. Be3 Rf8 12. Nf3 h6 13. Qd2 Ng8 14. Rf2 Be6 15. Raf1 g5 16. Ne2 Nf6 17. Nxg5 hxg5 18. Bxg5 Rf7 19. Ng3 Qe7 20. Nh5 Nxh5 21. Bxe7 Rxe7 22. g3 Kd7 23. Qg5 Rh8 24. a3 Rh7 25. b4 c4 26. dxc4 Nxg3 27. Qxg3 Bh6 28. Qd3 Reg7+ 29. Kh1 Kc7 30. Rf6 Re7 31. Rd1 Kb7 32. Qxd6 1-0

[Event "Bled op 20th"]
[Site "Bled"]
[Date "1999.03.25"]
[Round "6"]
[White "Jukic, Branimir"]
[Black "Gustafsson, Jan"]
[Result "1/2-1/2"]
[WhiteElo "2378"]
[BlackElo "2416"]
[PlyCount "36"]
[EventDate "1999.03.20"]
[EventType "swiss"]
[EventRounds "9"]
[EventCountry "SLO"]
[SourceTitle "CBM 069 Extra"]
[Source "ChessBase"]
[SourceDate "1999.05.10"]
[SourceVersion "1"]
[SourceVersionDate "1999.05.10"]
[SourceQuality "1"]

1. e4 c5 2. Nf3 Nc6 3. Nc3 g6 4. d4 cxd4 5. Nxd4 Bg7 6. Be3 Nf6 7. Bc4 Qa5 8. 0-0 0-0 9. Bb3 d6 10. h3 Bd7 11. Re1 Rfe8 12. Nf3 Rac8 13. Qd2 Nh5 14. Rad1 Ne5 15. Nxe5 Bxe5 16. f4 Bxc3 17. bxc3 Be6 18. Qf2 a6 1/2-1/2

[Event "Bled op 20th"]
[Site "Bled"]
[Date "1999.03.21"]
[Round "2"]
[White "Jukic, Branimir"]
[Black "Sax, Gyula"]
[Result "0-1"]
[WhiteElo "2378"]
[BlackElo "2524"]
[PlyCount "50"]
[EventDate "1999.03.20"]
[EventType "swiss"]
[EventRounds "9"]
[EventCountry "SLO"]
[SourceTitle "CBM 069 Extra"]
[Source "ChessBase"]
[SourceDate "1999.05.10"]
[SourceVersion "1"]
[SourceVersionDate "1999.05.10"]
[SourceQuality "1"]

1. e4 c5 2. Nf3 e6 3. d4 cxd4 4. Nxd4 a6 5. Nc3 Qc7 6. Be2 Bb4 7. 0-0 Nf6 8. Qd3 Nc6 9. Nxc6 bxc6 10. f4 d5 11. e5 Nd7 12. Kh1 a5 13. Qg3 g6 14. Bd2 Ba6 15. Bxa6 Rxa6 16. Rae1 Nc5 17. f5 exf5 18. Rxf5 gxf5 19. Qg7 Rf8 20. e6 Ne4 21. Nxe4 dxe4 22. Bxb4 axb4 23. Rd1 Qe7 24. Rd7 Qxe6 25. Rb7 Qd6 0-1

[Event "CRO-Cup"]
[Site "Pula"]
[Date "1998.??.??"]
[Round "3"]
[White "Jukic, Branimir"]
[Black "Kovacevic, Blazimir"]
[Result "1/2-1/2"]
[WhiteElo "2385"]
[BlackElo "2395"]
[PlyCount "78"]
[EventDate "1998.??.??"]
[EventType "team"]
[EventRounds "5"]
[EventCountry "CRO"]
[SourceTitle "EXT 2000"]
[Source "ChessBase"]
[SourceDate "1999.11.16"]
[SourceVersion "1"]
[SourceVersionDate "1999.11.16"]
[SourceQuality "1"]

1. e4 e6 2. d4 d5 3. Nd2 Nf6 4. e5 Nfd7 5. c3 c5 6. f4 cxd4 7. cxd4 Nc6 8. Ndf3 a5 9. Bd3 Nb6 10. Ne2 a4 11. a3 Na5 12. 0-0 Be7 13. Kh1 g6 14. Nc3 Nb3 15. Rb1 Bd7 16. Bc2 Nxc1 17. Rxc1 Bc6 18. Nd2 Qd7 19. Bd3 0-0 20. Qe2 f5 21. exf6 Bxf6 22. Nf3 Rae8 23. Rce1 Qg7 24. Nb5 Re7 25. Ne5 Bxe5 26. fxe5 Bxb5 27. Bxb5 Ref7 28. Kg1 Qh6 29. Qg4 Rxf1+ 30. Rxf1 Qe3+ 31. Kh1 Rf5 32. h3 Nc4 33. Bxc4 dxc4 34. Rxf5 exf5 35. Qd1 Qd3 36. Qxa4 Qf1+ 37. Kh2 Qf4+ 38. Kh1 Qf1+ 39. Kh2 Qf4+ 1/2-1/2

[Event "CRO-Cup"]
[Site "Pula"]
[Date "1998.??.??"]
[Round "4"]
[White "Jukic, Branimir"]
[Black "Kovacevic, Vlatko"]
[Result "0-1"]
[WhiteElo "2385"]
[BlackElo "2520"]
[PlyCount "130"]
[EventDate "1998.??.??"]
[EventType "team"]
[EventRounds "5"]
[EventCountry "CRO"]
[SourceTitle "EXT 2000"]
[Source "ChessBase"]
[SourceDate "1999.11.16"]
[SourceVersion "1"]
[SourceVersionDate "1999.11.16"]
[SourceQuality "1"]

1. e4 e6 2. d4 d5 3. Nd2 Nc6 4. Ngf3 Nf6 5. e5 Nd7 6. Bb5 a5 7. 0-0 Be7 8. Re1 h5 9. Nf1 Na7 10. Bd3 c5 11. c4 dxc4 12. Bxc4 b5 13. Bb3 c4 14. Bc2 Bb7 15. N1d2 Nb6 16. Ne4 Bxe4 17. Bxe4 Nd5 18. Bd2 Nc8 19. h4 Ncb6 20. Ng5 b4 21. Qf3 Bxg5 22. Bxg5 Qd7 23. Rac1 Rc8 24. a3 b3 25. Bd2 Qb5 26. Qg3 g6 27. Qh3 Kd7 28. Qf3 Rh7 29. Bxd5 Nxd5 30. Red1 Rc7 31. Qe2 Rh8 32. a4 Qa6 33. Qf3 Kc8 34. Qe2 Kb7 35. Qe4 Ra8 36. Qe1 Rc6 37. Qe4 Qb6 38. Bc3 Qd8 39. g3 Nb6 40. Qf3 Qd7 41. Be1 Nd5 42. Qe2 Qc7 43. Bc3 Rd8 44. Be1 Rc8 45. Qe4 Ka6 46. Bc3 Qd8 47. Qf3 Qd7 48. Be1 Rd8 49. Qe2 Qc7 50. Bc3 Rd7 51. Qe1 Qd8 52. Qe4 Rc8 53. Qe1 Ne7 54. Qe4 Nf5 55. Rd2 Rd5 56. Rcd1 g5 57. hxg5 Qxg5 58. Kf1 Qg4 59. Qxg4 hxg4 60. Re1 Rg8 61. Re4 Rg7 62. Rf4 Ne7 63. Kg2 Nc8 64. Rd1 Nb6 65. Ra1 Rd7 0-1